000 00875cam a22002897a 4500
003 CHAP
005 20220329135617.0
008 971013s1906 r 00010 d
010 _a39268
011 _a40240
035 _a44365
040 _cCHAP
090 _aFolleto 6061
110 _aEstación Agrícola Experimental. Cd. Juárez, Chih.
_938212
245 1 3 _aEl maíz de Jerusalén
260 _aMéxico, D. F. :
_bLa Estación,
_c1906
300 _a8 p.
590 _aBATCH-UPD
_b10
_c20130110
_lUCH01
_h1553
590 _aBATCH-UPD
_b10
_c20130410
_lUCH01
_h0951
590 _aBATCH-UPD
_b10
_c20130914
_lUCH01
_h1751
590 _aCONVERSION
_b10
_c20130109
_lUCH01
_h1322
650 1 4 _aMaíz
_xVariedades.
_971081
650 1 4 _aPlantas
_xResistencia a sequía.
_988886
901 _aBK
942 _cFOLL
949 _aFolleto 6061
_bBC
_cBPP
_d-101675
_eBPP
_i44365
_mD
_si
999 _c39268
_d39268